000 00555nam a2200229Ia 4500
003 OSt
005 20221005114026.0
006 a|||||r|||| 00| 0
007 ta
008 221004b |||||||| |||| 00| 0 mal d
024 _a53139
037 _cTextual
040 _aCRL
_cCRL
_bmal
041 _2mal
_amal
082 _az73, 32J7
100 _aSmith Au.
_9625337
245 0 _aAmerican yeevitavum samskaravum
260 _c1957
650 _aGENERALIA
942 _hz73, 32J7
_cTEXL
_2cc
999 _c1030046
_d1030046